Statistiques concernant Top 15 des pays avec les décès de Covid-19 - 3 novembre 2021

Cliquez ici pour prendre le quiz!

Statistiques générales

  • Ce quiz a été pris 18 fois
  • Le résultat moyen est 10 sur 25

Statistiques - réponses

pays% Correct
France
94%
Etats-Unis
88%
Italie
88%
Russie
81%
Inde
75%
Royaume-Uni
75%
Brésil
69%
Mexique
69%
Allemagne
50%
Argentine
50%
Indonésie
50%
Colombie
44%
Iran
44%
Afrique du Sud
31%
Pérou
31%
Roumanie
25%
Bosnie-Herzégovine
13%
Croatie
13%
Tchèquie
13%
Bulgarie
6%
Hongrie
6%
Macédoine du Nord
6%
Slovaquie
6%
Slovénie
6%
Géorgie
0%

Distribution des résultats

Percentile par nombre de réponses

% des personnes avec chaque résultat

Votre développement - résultats

Vous n’avez pas pris ce quiz